000 02101cam a2200445 a 4500
001 12379368
003 OSt
005 20140310184438.0
008 010413s2003 nyuab b 000 0 eng
010 _a 2001024720
020 _a9780439697583
040 _aDLC
_cDLC
_dDLC
042 _alcac
043 _an-usp--
050 0 0 _aF 593
_b.D27 2004
100 1 _aDavis, Kenneth C.
_914125
245 1 0 _aDon't know much about the pioneers /
_cKenneth C. Davis ; illustrated by Renée Andriani.
250 _a1st ed.
260 _aNew York :
_bHarperCollins Publishers,
_c2004.
300 _a48 p. :
_bill. ;
_c26 cm.
521 _aG9
526 _c1010
650 0 _aPioneers
_zWest (U.S.)
_xHistory
_vMiscellanea
_vJuvenile literature.
_927303
650 0 _aFrontier and pioneer life
_zWest (U.S.)
_vMiscellanea
_vJuvenile literature.
_927304
650 0 _aOverland journeys to the Pacific
_vMiscellanea
_vJuvenile literature.
_927305
650 1 _aPioneers
_zWest (U.S.)
_vMiscellanea.
_927306
650 1 _aFrontier and pioneer life
_zWest (U.S.)
_vMiscellanea.
_927307
650 1 _aOverland journeys to the Pacific
_vMiscellanea.
_927308
650 1 _aQuestions and answers.
_94945
651 0 _aWest (U.S.)
_xHistory
_y1848-1860
_vMiscellanea
_vJuvenile literature.
_927309
651 0 _aWest (U.S.)
_xHistory
_y1860-1890
_vMiscellanea
_vJuvenile literature.
_927310
651 1 _aWest (U.S.)
_xHistory
_y1848-1860
_vMiscellanea.
_927311
651 1 _aWest (U.S.)
_xHistory
_y1860-1890
_vMiscellanea.
_927312
700 1 _aAndriani, Renée,
_eill.
_927313
856 4 2 _3Publisher description
_uhttp://www.loc.gov/catdir/description/hc043/2001024720.html
906 _a7
_bcbc
_corignew
_d1
_eocip
_f20
_gy-gencatlg
942 _2lcc
_cBK-SCHOLAS
999 _c34413
_d34413